000 00353nam a22001217a 4500
999 _c749
_d749
005 20200817161021.0
008 200817b ||||| |||| 00| 0 eng d
020 _a0194423255
040 _cCML
245 _aCases in Constitution Law.
_cKeir, D.L.
260 _aLondon
_bOxford University
_c1928
942 _2ddc
_cBK
_eFifth Edition
_h342
_mKEI